Biblioteca

Missiology as a discipline and what it includes (Registro nro. 70345)

Detalles MARC
000 -LÍDER
Campo fijo de descripción fija 01397nab a2200241 i 4500
001 - NÚMERO DE CONTROL
Campo de control 768714001
003 - IDENTIFICADOR DEL NÚMERO DE CONTROL
Campo de control CO-MdFUSB
005 - FECHA Y HORA DE LA ULTIMA TRANSACCIÓN
control field 20240626082819.0
008 - ELEMENTOS DE LONGITUD FIJA -- INFORMACIÓN GENERAL
Campo fijo de descripción fija -- Información general 240626t1987 us ||||| |||| 00| 0 eng d
040 ## - FUENTE DE CATALOGACIÓN
Idioma de catalogación spa
Agencia que realiza la transcripción CO-MdFUSB
Agencia que realiza la modificación CO-MdFUSB
041 ## - CÓDIGO DE IDIOMA
Código de idioma para texto/pista de sonido o título separado eng
100 ## - ASIENTO PRINCIPAL--NOMBRE PERSONAL
Nombre personal Scherer, James A.,
Término relacionador autor
245 ## - TÍTULO
Título Missiology as a discipline and what it includes
Mención de responsabilidad / James A. Scherer
520 ## - NOTA DE RESUMEN, ETC.
Nota de sumario, etc. Esta presentación realizada en la Reunión Anual de la APM de 1987 busca responder a la pregunta de “qué es la misionología” y “qué incluye”. Reflexiona sobre las diversas formas y perspectivas interdisciplinarias desde las cuales se puede enseñar la misionología y apoya la noción de que la misionología en Estados Unidos hoy debe ser integradora y complementaria, al mismo tiempo que define sus propias normas esenciales. El estudio no puede llegar a una definición totalmente acordada de qué es la misionología, debido al cambio y al pluralismo.
546 ## - NOTA DE IDIOMA
Nota de idioma Texto en inglés.
650 #0 - ASIENTO SECUNDARIO DE MATERIA - TERMINO TEMÁTICO
Término temático o nombre geográfico como elemento de entrada Misiones
9 (RLIN) 154
650 #7 - ASIENTO SECUNDARIO DE MATERIA - TERMINO TEMÁTICO
Término temático o nombre geográfico como elemento de entrada Teología de la liberación
9 (RLIN) 449
650 #7 - ASIENTO SECUNDARIO DE MATERIA - TERMINO TEMÁTICO
Término temático o nombre geográfico como elemento de entrada Ciencias sociales
Subdivisión general Estudio y enseñanza
9 (RLIN) 7080
653 ## - TÉRMINO DE INDIZACIÓN - NO CONTROLADO
Término no controlado Misionología - Estados Unidos
773 0# - ASIENTO DE ITEM FUENTE
Biblionumber 49486
Itemnumber 82794
Lugar, editorial y fecha de publicación Pasadena
Otro identificador del ítem R2669
Título Missiology:
Número de control del registro (CO-MdFUSB)97
Parte(s) relacionada(s) / Volumen., número. (mes año), páginas Volumen 15 (número 4, 1987) páginas: 507 - 522
Enumeración y primera página página: 507
942 ## - TIPO DE MATERIAL (KOHA)
Tipo de Item KOHA Artículos de Revista
945 ## - INFORMACIÓN LOCAL DEL REGISTRO
Catalogador Catherine Arias Álvarez - Practicante SENA

No hay ítems disponibles.

Biblioteca FUSBC | Teléfono: (57+4) 349 88 10 Ext. 141| WhatsApp (+57) 3005338115 
E-mail: biblioteca@unisbc.edu.co | Calle 76 87-14 Robledo Palenque, Medellín, Colombia

Con tecnología Koha